|
|
|
|
| LEADER |
00638cam a2200193 7i4500 |
| 001 |
0000040937 |
| 005 |
20120109090000.0 |
| 020 |
|
|
|a 9780814409923 (pbk.)
|
| 020 |
|
|
|a 081440992X (pbk.)
|
| 090 |
0 |
0 |
|a BF378.E94
|b H54 2008
|
| 100 |
1 |
|
|a Hartley, Gregory
|
| 245 |
1 |
0 |
|a How to become an expert on anything in two hours
|c Gregory Hartley and Maryann Karinch.
|
| 246 |
3 |
|
|a How to become an expert on anything in 2 hours.
|
| 260 |
|
|
|a New York:
|b AMACOM,
|c 2008.
|
| 300 |
|
|
|a ix, 246 p.:
|b ill.;
|c 23 cm.
|
| 650 |
0 |
0 |
|a Expertise
|
| 650 |
0 |
0 |
|a Management
|
| 700 |
1 |
|
|a Karinch, Maryann
|
| 999 |
|
|
|a 0000001947
|b BOK
|c OPEN SHELF
|e 1st Floor, Bestari Jaya
|